000 01265cam a2200325 a 4500
999 _c23720
_d23720
001 2963489
005 20170127093504.0
008 910801s1991 caua bc 000 0 eng
010 _a 91074167
020 _a096298910X
050 0 0 _aN5220.C693 B9 1991
245 0 0 _aBy judgement of the eye :
_bthe Varya and Hans Cohn collection /
_cedited by Nancy Thomas and Constantina Oldknow.
260 _aLos Angeles :
_bHans Cohn,
_cc1991.
300 _a388 p. :
_bill. (some col.) ;
_c29 cm.
504 _aIncludes bibliographical references (p. 383-388).
600 1 0 _aCohn, Varya
_xArt collections
_xCatalogs.
600 1 0 _aCohn, Hans,
_d1903-
_xArt collections
_xCatalogs.
650 0 _aArt
_xCatalogs.
650 0 _aArt
_xPrivate collections
_zCalifornia
_zLos Angeles
_xCatalogs.
700 1 _aThomas, Nancy,
_d1948-
700 1 _aOldknow, Tina.
942 _2lcc
_cBOOKS